| Tag |
First Indicator |
Second Indicator |
Subfields |
| LEADER |
00000cam a2200000 i 4500 |
| 001 |
in00000659921 |
| 005 |
20151015095255.0 |
| 008 |
790625s1973 uy s i00010 spa |
| 010 |
|
|
|a 79353204
|
| 035 |
|
|
|a (OCoLC)01383406
|
| 035 |
|
|
|9 ACZ0035AM
|
| 040 |
|
|
|a DLC
|c DLC
|d TXA
|d UtOrBLW
|
| 043 |
|
|
|a n------
|a s------
|
| 049 |
|
|
|a TXAM
|c [950197]
|
| 050 |
0 |
0 |
|a HQ792.A57
|b I57 1973
|
| 082 |
0 |
|
|a 301.43/14/098
|
| 110 |
2 |
|
|a Interamerican Children's Institute.
|
| 245 |
1 |
0 |
|a Estadisticas basicas sobre menores /
|c O.E.A., Instituto Interamericano del Nino.
|
| 264 |
|
1 |
|a Montevideo :
|b El Instituto,
|c 1973.
|
| 300 |
|
|
|a 77 pages :
|b graphs ;
|c 24 cm.
|
| 336 |
|
|
|a text
|b txt
|2 rdacontent
|
| 337 |
|
|
|a unmediated
|b n
|2 rdamedia
|
| 338 |
|
|
|a volume
|b nc
|2 rdacarrier
|
| 650 |
|
0 |
|a Children
|z America
|x Statistics.
|
| 650 |
|
0 |
|a Age distribution (Demography)
|z America.
|
| 651 |
|
0 |
|a America
|x Statistics, Vital.
|
| 999 |
|
|
|a MARS
|
| 999 |
f |
f |
|s 04ac4023-369e-3d73-bc0a-fb175aab93a8
|i c5a0d8b2-2d72-3480-896a-0d2c55375781
|t 0
|
| 952 |
f |
f |
|p ric
|a Texas A&M University
|b Rellis Campus
|c Joint Library Facility
|d Remote Storage
|t 0
|e HQ792.A57 I57 1973
|h Library of Congress classification
|i unmediated -- volume
|m A14802969655
|
| 998 |
f |
f |
|a HQ792.A57 I57 1973
|t 0
|l Remote Storage
|